000 00521nam a2200181Ia 4500
005 20250508161936.0
008 008 250505s9999 xx 000 0 eng d
037 _aBooks to be hide in OPAC
040 _aFEDL
_beng
_cFEDL
041 _aeng
_2eng
084 _a030, CHI
_qFEDL
100 _aCrossland John R Ed.
_9760517
245 0 _aChildren's new illistrated encyclopedia
260 _aLondon, UK
_bCollins Clear-Type Press
300 _axi,596p
942 _cHB
_h030, CHI
999 _c1373389
_d1373389